00439nam a2200157Ia 45000010006000000050017000060080041000230410008000640820018000721000023000902450113001132600009002263000030002356500008002656540008002731862620260306171644.0260306s9999||||xx |||||||||||||| ||und|| aESP a658.4092bH41 aHerrmann, NedeAUT 4aThe whole brain business book:bunlocking the power of whole brain thinking in organizations and individuals c1996 a334 páginas :c23.5 cm. aGEN aCAN